Waverley, or, 'Tis sixty years since / (Record no. 226)
[ view plain ]
| 000 -LEADER | |
|---|---|
| fixed length control field | 00939nam a22003018a 4500 |
| 001 - CONTROL NUMBER | |
| control field | 4217558 |
| 005 - DATE AND TIME OF LATEST TRANSACTION | |
| control field | 20200421093823.0 |
| 008 - FIXED-LENGTH DATA ELEMENTS--GENERAL INFORMATION | |
| fixed length control field | 080716r20081986enk 000 f eng d |
| 015 ## - NATIONAL BIBLIOGRAPHY NUMBER | |
| National bibliography number | GBA898154 |
| Source | bnb |
| 020 ## - INTERNATIONAL STANDARD BOOK NUMBER | |
| International Standard Book Number | 9780199538027 (pbk.) : |
| Terms of availability | £7.99 |
| 020 ## - INTERNATIONAL STANDARD BOOK NUMBER | |
| International Standard Book Number | 0199538026 (pbk.) : |
| Terms of availability | £7.99 |
| 035 ## - SYSTEM CONTROL NUMBER | |
| System control number | (Uk)014691097 |
| 035 ## - SYSTEM CONTROL NUMBER | |
| System control number | 1909217 |
| 040 ## - CATALOGING SOURCE | |
| Original cataloging agency | StDuBDS |
| Language of cataloging | eng |
| Transcribing agency | StDuBDS |
| 082 04 - DEWEY DECIMAL CLASSIFICATION NUMBER | |
| Classification number | 823.7 |
| Edition information | 22 |
| 100 1# - MAIN ENTRY--PERSONAL NAME | |
| Personal name | Scott, Walter, |
| Titles and words associated with a name | Sir, |
| Dates associated with a name | 1771-1832. |
| 9 (RLIN) | 462 |
| 245 10 - TITLE STATEMENT | |
| Title | Waverley, or, 'Tis sixty years since / |
| Statement of responsibility, etc. | Walter Scott. |
| 250 ## - EDITION STATEMENT | |
| Edition statement | New ed. / |
| Remainder of edition statement | edited by Claire Lamont. |
| 260 ## - PUBLICATION, DISTRIBUTION, ETC. | |
| Place of publication, distribution, etc. | Oxford : |
| Name of publisher, distributor, etc. | Oxford University Press, |
| Date of publication, distribution, etc. | 2008. |
| 263 ## - PROJECTED PUBLICATION DATE | |
| Projected publication date | 200811 |
| 300 ## - PHYSICAL DESCRIPTION | |
| Extent | 1 v. ; |
| Dimensions | 20 cm. |
| 440 #0 - SERIES STATEMENT/ADDED ENTRY--TITLE | |
| Title | Oxford world's classics |
| 500 ## - GENERAL NOTE | |
| General note | This ed. originally published: 1981. |
| 650 #0 - SUBJECT ADDED ENTRY--TOPICAL TERM | |
| Topical term or geographic name entry element | Jacobite Rebellion, 1745-1746 |
| Form subdivision | Fiction. |
| 9 (RLIN) | 464 |
| 655 #7 - INDEX TERM--GENRE/FORM | |
| Genre/form data or focus term | Historical fiction. |
| Source of term | gsafd |
| 700 1# - ADDED ENTRY--PERSONAL NAME | |
| Personal name | Lamont, Claire. |
| 9 (RLIN) | 465 |
| 942 ## - ADDED ENTRY ELEMENTS (KOHA) | |
| Source of classification or shelving scheme | Dewey Decimal Classification |
| Koha item type | Books |
| Withdrawn status | Lost status | Damaged status | Not for loan | Collection | Home library | Current library | Shelving location | Date acquired | Barcode | Date last seen | Price effective from | Koha item type |
|---|---|---|---|---|---|---|---|---|---|---|---|---|
| Reference | Fairview | Fairview | General stacks | 09/04/2014 | 39999000009736 | 09/04/2014 | 09/04/2014 | Books | ||||
| Reference | Midway | Midway | General stacks | 09/04/2014 | 39999000009712 | 09/04/2014 | 09/04/2014 | Books | ||||
| Reference | Midway | Midway | General stacks | 09/04/2014 | 39999000009750 | 09/04/2014 | 09/04/2014 | Books |